BAJO EL POLVO DE LOS SIGLOS /

TRADUCCION DE: DER ABENTEUERLICHE SCHUTTHAUFEN

I tiakina i:
Ngā taipitopito rārangi puna kōrero
Kaituhi matua: Snyder, Geerto (autor)
Hōputu: Pukapuka
Ngā marau:
Ngā Tūtohu: Tāpirihia he Tūtohu
Kāore He Tūtohu, Me noho koe te mea tuatahi ki te tūtohu i tēnei pūkete!

MARC

LEADER 00000nam^a2200000^a^4500
001 000243102
005 20250521000000.0
009 20260310105322.335
035 |a 065192 
037 |a Acervo Xavier Clavigero 
082 |a 830. 9  |b SNY 
100 |a Snyder, Geerto  |e (autor) 
245 1 0 |a BAJO EL POLVO DE LOS SIGLOS /  |c GEERTO SNYDER ; TR. JOSE ROVIRA ARMENGOL 
264 |a BUENOS AIRES :  |b CARLOS LOHLE,  |c 1959 
300 |a 382 p. 
336 |a texto  |b txt  |2 rdacontenido 
337 |a sin mediación  |b n  |2 rdamedio 
338 |a volumen  |b nc  |2 rdasoporte 
520 |a TRADUCCION DE: DER ABENTEUERLICHE SCHUTTHAUFEN 
520 |a INDICE 
649 |a XX 
650 |a Novela Alemana 
650 |a Literatura Alemana -  |y Siglo XX 
910 |a Fondo General 
920 |a Impresos - Libros 
930 |a Colección General 
940 |a Literatura 
905 |a 101 
901 |a 065192  |b IT1  |c LIT  |i 065192  |u 20250521 
902 |a https://opac.biblio.iteso.mx/vufind/Record/000243102